000 00211nam a2200097Ia 4500
008 190216s9999||||xx |||||||||||||| ||und||
100 _aShoukath Usman
245 0 _aAdimayude Chiri
260 _bNull
942 _cBK
999 _c26563
_d26563